• 首页
  • 本馆介绍
  • 公告通知
  • 最新文献
  • 馆藏检索
  • 电子资源
  • 读者导购
  • 参考咨询
  • 我的图书馆
  • 登录
  • 详细信息显示
  • 放入我的书架
  • 预约/预借图书
  • 作者相关作品
  • 分类相关作品
  • 丛书相关作品
  • 出版社相关作品

书目信息

  • 表格格式
  • 工作单格式
  • 卡片格式
题名:
中国纪录片发展报告
    
 
作者: 何苏六 主编
分册: 2017  
出版信息: 北京   社会科学文献出版社  2017.10
页数: 305页
开本: 24cm
丛书名:
单 册:
中图分类: J952
科图分类:
主题词: 纪录片--发展--研究报告--中国--2017
电子资源:
ISBN: 978-7-5201-1327-4
000 01473nam0 2200265 450
001 1109
005 20180929081530.82
010    @a978-7-5201-1327-4@dCNY98.00
100    @a20171116d2017 em y0chiy50 ea
101 0  @achi@deng@eeng
102    @aCN@b110000
105    @ay z 000yy
200 1  @a中国纪录片发展报告@9zhong guo ji lu pian fa zhan bao gao@h2017@dAnnual report on the development of Chinese documentary@h2017@f何苏六主编@zeng
210    @a北京@c社会科学文献出版社@d2017.10
215    @a305页@d24cm
300    @a纪录片蓝皮书 2017版
300    @a本报告为广电总局社科研究重点项目《我国纪录片产业化发展与行业评价体系建设》及国家社会科学基金项目《我国纪实影像的国际传播与影响力研究》的后续成果
314    @a何苏六,中国传媒大学新闻传播学部副学部长,中国纪录片研究中心主任,教授,博士生导师。发表的主要著作有《中国电视纪录片史论》、《纪录片创作完全手册》等。
330    @a本书是连续性选题,对中国纪录片进行了深入观察和具体分析。既有对2016年来我国纪录片发展状况的回顾和总结,又有在此基础上对新的一年纪录片发展趋势的预判;既有知名专家学者的丰富理论研究成果,又有来自业界的实践经验总结;既有以宏观视野在政策层面对纪录片的解读,又有第一手微观数据报告,并且对中国纪录片行业发展情况进行了前瞻性预测。
510 1  @aAnnual report on the development of Chinese documentary@h2017@zeng
606 0  @a纪录片@x发展@x研究报告@y中国@z2017
690    @aJ952@v5
701  0 @a何苏六@9he su liu@4主编
801  0 @aCN@b91MARC@c20171116
905    @aMuseLib@dJ952@e353(2017)
    
    中国纪录片发展报告.2017=Annual report on the development of Chinese documentary.2017/何苏六主编.-北京:社会科学文献出版社,2017.10
    305页;24cm
    纪录片蓝皮书 2017版.-本报告为广电总局社科研究重点项目《我国纪录片产业化发展与行业评价体系建设》及国家社会科学基金项目《我国纪实影像的国际传播与影响力研究》的后续成果
    
    ISBN 978-7-5201-1327-4:CNY98.00
    本书是连续性选题,对中国纪录片进行了深入观察和具体分析。既有对2016年来我国纪录片发展状况的回顾和总结,又有在此基础上对新的一年纪录片发展趋势的预判;既有知名专家学者的丰富理论研究成果,又有来自业界的实践经验总结;既有以宏观视野在政策层面对纪录片的解读,又有第一手微观数据报告,并且对中国纪录片行业发展情况进行了前瞻性预测。
●
相关链接 在E读中查询图书 在五车中查询图书 在当当中查询图书 在豆瓣中查询图书


正题名:中国纪录片发展报告     索取号:J952/353(2017)         预约/预借

序号 登录号 条形码 馆藏地/架位号 状态 备注
1 1121209   211212098   第一样本阅览室/ [索取号:J952/353(2017)] 在馆    
2 1121210   211212105   密集书库-物理学院/ [索取号:J952/353(2017)] 在馆    
3 1121211   211212114   第一借阅区/ [索取号:J952/353(2017)] 在馆    
4 1121212   211212123   第一借阅区/ [索取号:J952/353(2017)] 在馆    
5 1121213   211212132   第一借阅区/ [索取号:J952/353(2017)] 在馆    
唐山师范学院图书馆 欢迎您!
大连网信软件有限公司© 版权所有